00721nam a22002057a 450000500170000001000150001702000270003203500140005903700090007308200150008210000240009724500600012125000060018126000420018727000760022930000320030594200290033799900190036695201300038520240612164609.0 aENG-140581 a9789355328021c1240.00 aEN-124113 bDBAD a610.28423 aKhanpur, R.S967442 aHandbook of BIomedical Instrumentation/cBy R.S Khanpur a3 aChennaibMc Graw Hill Educationc2024 aAnjana Complex NO. 5/90 A, Butt Road, St. Thomas MountbChennaie600116 axix,959p.c24cm(pbk)bindex 2ddch610.284cENmKHAe3 c203568d203568 001040708NFICaLbLd2024-06-12eDBADg1240.00l0o610.284 KHApEN-124113r2024-06-12 00:00:00t1v1240.00w2024-06-12yEN